Náklady a hospodárnost podniku

Gespeichert in:
Bibliographische Detailangaben
1. Verfasser: Janout, Jiří
Format: Buch
Sprache:Tschechisch
Veröffentlicht: Praha Státní nakladatelství technické literatury 1989
Tags: Tag hinzufügen
Keine Tags, Fügen Sie das erste Tag hinzu!

MARC

LEADER 00000nam a2200000 4500
001 c026848
005 20250929141117.7
020 |a 80-03-00127-7 
041 0 |a cze 
044 |a CZ 
245 1 0 |a Náklady a hospodárnost podniku  |c Jiří Janout 
264 1 |a Praha  |b Státní nakladatelství technické literatury  |c 1989 
300 |a 220 s. 
100 1 |a Janout, Jiří